Score 0/45 Timer 06:00
1 Play Today
Hint Answer % Correct
Entertainment
3 Singing Chipmunks
Alvin
95.5%
Gaming
3 Face Cards
King
94.9%
Gaming
3 Face Cards
Queen
94.9%
Gaming
3 Face Cards
Jack
94%
Miscellaneous
3 Neapolitan Ice Cream Flavors
Vanilla
92.2%
Miscellaneous
3 Neapolitan Ice Cream Flavors
Chocolate
92%
Miscellaneous
3 Neapolitan Ice Cream Flavors
Strawberry
91.6%
Television
3 Children of Marge and Homer
Bart
90.8%
Television
3 Children of Marge and Homer
Lisa
87.7%
Television
3 Children of Marge and Homer
Maggie
83.1%
Sports
3 Tennis Surfaces
Grass
81.7%
Entertainment
3 Singing Chipmunks
Theodore
79.5%
Holiday
3 Gifts of the Magi
Gold
79.3%
Sports
3 Tennis Surfaces
Clay
75.1%
Literature
3 Brontë Sisters
Emily
72.5%
Entertainment
3 Singing Chipmunks
Simon
71.6%
Literature
3 Brontë Sisters
Charlotte
67.5%
Holiday
3 Gifts of the Magi
Myrrh
65.4%
Sports
3 Tennis Surfaces
Hardcourt
62.2%
Holiday
3 Gifts of the Magi
Frankincense
59%
History
Big 3 Leaders at Yalta
Winston Churchill
58.4%
Geography
3 Baltic States
Latvia
57.4%
History
Big 3 Leaders at Yalta
Franklin D. Roosevelt
57%
Hint Answer % Correct
Just For Fun
3 Computer Edit Menu Commands
Paste
56.7%
Just For Fun
3 Computer Edit Menu Commands
Copy
56.4%
Geography
3 Baltic States
Estonia
55.4%
Geography
3 Baltic States
Lithuania
55.3%
History
Big 3 Leaders at Yalta
Joseph Stalin
55.2%
Just For Fun
3 Computer Edit Menu Commands
Cut
53.6%
Religion
3 Sons of Noah
Ham
52.8%
Movies
3 Men and a Baby Actors
Tom Selleck
49.1%
Music
3 Brothers in the Bee Gees
Barry
47.9%
Science
3 Ear Bones
Malleus
46.5%
Science
3 Ear Bones
Incus
45.8%
Literature
3 Brontë Sisters
Anne
45.3%
Movies
3 Men and a Baby Actors
Ted Danson
41.5%
Science
3 Ear Bones
Stapes
37.2%
Music
3 Brothers in the Bee Gees
Robin
32.8%
Movies
3 Men and a Baby Actors
Steve Guttenberg
32.6%
Music
3 Brothers in the Bee Gees
Maurice
31.1%
Language
3 Rosetta Stone Writing Systems
Ancient Greek
30.5%
Language
3 Rosetta Stone Writing Systems
Egyptian Hieroglyphs
29.9%
Religion
3 Sons of Noah
Shem
24.9%
Religion
3 Sons of Noah
Japheth
15.2%
Language
3 Rosetta Stone Writing Systems
Demotic
4.4%
Remove Ads.
Support Sporcle.
Get the best of Sporcle when you Go Orange. This ad-free experience offers more features, more stats, and more fun while also helping to support Sporcle. Thank you for becoming a member.

You're not logged in!

Compare scores with friends on all Sporcle quizzes.
OR
Log In

Show Comments

Extras

Top Quizzes Today


Score Distribution

Your Account Isn't Verified!

In order to create a playlist on Sporcle, you need to verify the email address you used during registration. Go to your Sporcle Settings to finish the process.

Report this User

Report this user for behavior that violates our Community Guidelines.

Details: